000
00363nam a2200133Ia 4500
008
231129s1999||||xx |||||||||||||| ||spa||
020
_a
958-04-5483-3
082
_a
843 B198ob
100
_a
Balzac Honoré de.
245
0
_a
La obra maestra desconocida
260
_c
1999
264
_a
Barcelona : Norma.
942
_2
ddc
_c
BKS
999
_c
17800
_d
17800